Helsinki - Joensuu rautatieasemat - Statistics

Yleistilastot
  • Tätä visaa on pelattu 62 kertaa
  • Keskiarvotulos 11 / 13
Vastaustilastot
Vastaus % Oikein
Helsinki
98%
Lahti
96%
Pasila
96%
Joensuu
94%
Kouvola
94%
Lappeenranta
92%
Tikkurila
92%
Imatra
81%
Kitee
77%
Parikkala
77%
Joutseno
65%
Kesälahti
60%
Simpele
48%
Ehtoja vastaavia visoja ei löytynyt
Tulosjakauma
Jokaisen tuloksen saaneiden osuus
Persentiili vastausten määrän mukaan
Tuloshistoriasi
Et ole pelannut tätä visaa